[Event "Styrian op U14/18 29th"]
[Site "Mureck"]
[Date "2023.08.04"]
[Round "3"]
[White "Friscic, Laura"]
[Black "Mushynskyi, Emmanuil"]
[Result "1-0"]
[WhiteElo "1316"]
[BlackElo "1234"]
[PlyCount "59"]
[EventDate "2023.08.02"]
[EventRounds "9"]
[EventCountry "AUT"]
[SourceTitle "EXT 2024"]
[Source "ChessBase"]
[SourceDate "2023.10.10"]
[SourceVersion "1"]
[SourceVersionDate "2023.10.10"]
[SourceQuality "1"]

1. c4 e5 2. Nc3 Nf6 3. Nf3 Nc6 4. g3 Bb4 5. Bg2 0-0 6. 0-0 d5 7. cxd5 Nxd5 8. Nxe5 Nxc3 9. Nxc6 Nxd1 10. Nxd8 Nxf2 11. Nxf7 Bc5 12. e3 Nd3 13. Bd5 Nb4 14. Bb3 g6 15. d4 Be7 16. e4 g5 17. Bxg5 Bxg5 18. Nxg5+ Kg7 19. Rxf8 Kxf8 20. Nxh7+ Kg7 21. Ng5 Nc6 22. Nf3 Bg4 23. Rf1 Rf8 24. Kg2 Bxf3+ 25. Rxf3 Rxf3 26. Kxf3 Nxd4+ 27. Kf4 b5 28. Bd1 Kf7 29. Ke5 Ne6 30. Bb3 1-0

[Event "Varazdinske Toplice op"]
[Site "Varazdinske Toplice"]
[Date "2022.12.26"]
[Round "4"]
[White "Friscic, Laura"]
[Black "Makaj, Nikola"]
[Result "0-1"]
[WhiteElo "1574"]
[BlackElo "1937"]
[PlyCount "98"]
[EventDate "2022.12.26"]
[EventType "swiss"]
[EventRounds "9"]
[EventCountry "CRO"]
[SourceTitle "CBM 211 Extra"]
[Source "ChessBase"]
[SourceDate "2023.01.31"]
[SourceVersion "1"]
[SourceVersionDate "2023.01.31"]
[SourceQuality "1"]

1. c4 e5 2. Nc3 Bb4 3. Nf3 Bxc3 4. dxc3 d6 5. g3 Nf6 6. Bg2 0-0 7. 0-0 Be6 8. Ng5 Bc8 9. b3 h6 10. Nf3 Be6 11. Ba3 Nbd7 12. Qc2 Rb8 13. Rfd1 Qc8 14. Rac1 b6 15. Bb2 a5 16. e3 Rd8 17. Qe2 Nf8 18. Rd2 Bg4 19. Qe1 Bh3 20. Bh1 Ne4 21. Rd3 f5 22. Rcd1 Nf6 23. Nxe5 Re8 24. Nf3 f4 25. Qd2 fxg3 26. hxg3 Ne4 27. Qc2 Ne6 28. Bg2 Bxg2 29. Kxg2 Rf8 30. Rf1 N6g5 31. Nxg5 Nxg5 32. Rh1 Qg4 33. Qd1 Qe4+ 34. Kg1 Nf3+ 35. Kf1 Ne5 36. Ke2 Nxd3 37. Qxd3 Qxh1 38. Qd5+ Qxd5 39. cxd5 Rf5 40. c4 Rbf8 41. f4 g5 42. Kd3 gxf4 43. gxf4 h5 44. Bc3 h4 45. Be1 h3 46. Bg3 R8f7 47. Ke2 Rg7 48. Kf2 Rh5 49. Bh2 Rg2+ 0-1